00551nam a2200157Ia 4500008004100000020001800041050001900059100002100078245005900099250001200158260002200170300002000192650006300212952010100275999001700376120625s9999 xx 000 0 und d a968-18-0117-2 aQA401 K73 1977 aKreyszig, Erwin. aMatematicas avanzadas para ingenieria / Erwin kreyszig a3a. ed. aMéxico : Limusa a558 p. / 23 cm. aFísica matemática 2. Matemáticas para ingenierosÌ 00102lcc4070a04b04d2008-12-08l0oQA401 K73 1977p05 000736r2023-02-13t1w2012-06-24yLB c63314d63314